00544nam a2200133Ia 4500008004100000100002300041245010600064260004600170300002000216650001300236856006900249999001900318952007300337160712s9999 xx 000 0 und d aPetras, Jayson D.  cJayson D. PetrasaPangunahing Reporma Ko Ang Pagtataguyod ng Filipino: Panayam kay Dr. Jose V. Abueva c2012bDaluyan: Journal ng Wikang Filipino avol. 18 no. 1-2 xFILIPINO uhttp://journals.upd.edu.ph/index.php/djwf/issue/view/340/showToc c297425d297425 001040aCLbCLd2016-07-12l0r2016-07-12 00:00:00w2016-07-12yFEJ